Una cuestin̤ de interpretacin̤ Los tribunales federales y el Derecho /

Detalles Bibliográficos
Autor principal: Scalia, Antonin
Formato: eBook
Lenguaje:español
Publicado: Lima: Palestra Editores, 2015
Materias:
Acceso en línea:Acceso restringido

MARC

LEADER 00000nam a22000007a 4500
005 20190828024643.0
007 cr|||| ||||
008 190828s2015 pe |||||s|||| 00||0 spa d
035 |a 24227 
040 |a vLex 
090 |c 9303  |d 9303 
100 1 |a Scalia, Antonin 
245 1 0 |a Una cuestin̤ de interpretacin̤  |h [Recurso electrn̤ico] :  |b Los tribunales federales y el Derecho /  |c Antonin Scalia 
256 |a Servicio en ln̕ea 
260 |a Lima:  |b Palestra Editores,  |c 2015 
300 |a 1 recurso electrn̤ico 
506 1 |a Disponible solo en los productos indicados  |d vLex Global  |d vLex Global (Academic Edition, excluding Law Schools)  |d vLex Global (U.S. Academic Edition, Law Schools)  |d vLex Global (U.S. Academic Edition, excluding Law Schools)  |d vLex Global (Academic Edition, Law Schools) 
650 0 4 |a Derecho Constitucional  |z Per︢ 
740 0 |a vLex Libros (Servicio en ln̕ea) 
856 4 0 |u http://vlex.com/source/cuestion-interpretacion-tribunales-federales-derecho-24227  |z Acceso restringido 
942 |c BOOK 
999 0 |a Constitutional right